T-series tanks - Statistics

General Stats
  • This quiz has been taken 122 times
  • The average score is 13 of 18
Answer Stats
Picture Answer % Correct
T-34
97%
T-54/55
92%
T-80
92%
T-26
89%
T-28
89%
T-44
86%
T-72
86%
T-10
85%
T-35
82%
T-62
82%
T-50
75%
T-60
75%
T-70
64%
T-90M
61%
T-24
47%
T-38
45%
T-37
42%
T-64BM2
4%
No matching quizzes found
Score Distribution
Percent of People with Each Score
Percentile by Number Answered
Your Score History
You have not taken this quiz